000 00680nam a2200181Ia 4500
003 GCL
008 140319s9999 xx 000 0 ara d
040 _aGCL /
_cGCL
082 0 4 _a371.91
_bد ك
100 1 _aدريفت، كوليت
245 1 0 _aمتطلبات التعليم المبكر للاطفال ذوى الاحتياجات الخاصة /
_cدريفت، كوليت
260 _aالقاهرة :
_bدار الفاروق للنشر والتوزيع ،
_c2004
300 _a140 ص ؛
_c24 سم
650 0 4 _aالتعليم - البحوث التربوية
650 0 4 _aالطلبة ضعاف التحصيل
650 0 4 _aالطلبة المعوقون
942 _2ddc
_cBK
999 _c7247
_d7247